000 01121nam a2200253Ia 4500
003 Ost
005 20260507075654.0
008 260507s9999||||xx |||||||||||||| ||und||
020 _a9957320629
040 _cfsecg
041 _aara
082 _a519.50285
100 _aالبياتي، محمود حمدي
_eمؤلف
245 0 _aتحليل البيانات الاحصائية باستخدام البرنامج الاحصائي SPPS :
_bمعالجة البيانات مع اجتياز شروط التحليل وتفسير النتائج /
_c محمود حمدي البياتي
260 _aعمان:
_bدار الحامد,
_c2005
300 _a144 صفحة؛
_bإيضاحات ؛
_c24 سم
504 _aالمراجع ص.144
520 _aتشغيل البرنامج وادخال البيانات، تحويل البيانات، التطبيقات الاحصائية، مواضيع متقدمة.
653 _aالإحصاء التحليلي- معالجة بيانات
653 _aالإحصاء- معالجة بيانات
653 _aبرامج الحاسوب
653 _aSPPS
942 _cكتاب
999 _c45674
_d45674